Wszystkie przedmioty szkolne w 6 klasie podstawówki (23/24) - Statystyki

Ogólne statystyki
  • Ten quiz został rozwiązany 122 razy
  • Średni wynik to 12 z 15
Statystyki odpowiedzi
Wskazówki Odpowiedzi % Poprawnych
Obowiązkowe Język Polski
100%
Obowiązkowe Matematyka
99%
Obowiązkowe Język Angielski
97%
Obowiązkowe Plastyka
95%
Obowiązkowe wychowanie fizyczne
91%
Nieobowiązkowe Religia/Etyka
89%
Obowiązkowe Biologia
88%
Obowiązkowe Muzyka
87%
Obowiązkowe Geografia
85%
Obowiązkowe Historia
81%
Obowiązkowe Technika
81%
Obowiązkowe Informatyka
74%
Nieobowiązkowe(w konkretnym przypadku) Język Niemiecki
67%
Nieobowiązkowe WDŻ
64%
Obowiązkowe Zajęcia z wychowawcą
18%
Nie znaleziono quizów pasujących do podanych kryteriów
Rozkład punktacji
Procent ludzi z każdym wynikiem
Percentyl według liczby udzielonych odpowiedzi
Twoja historia wyników
Nie rozwiązałeś tego quizu